ห้องสมุด วิทยาลัยพยาบาลบรมราชชนนี อุดรธานี Boromarajonani College of Nursing, Udonthani
mysqli: Table './ulib2015/stat_globaluid' is marked as crashed and last (automatic?) repair failed select id from stat_globaluid where statuid='20260419154856_3546' mysqli: Table './ulib2015/stat_globaluid' is marked as crashed and last (automatic?) repair failed DELETE FROM stat_globaluid
WHERE id NOT IN (
SELECT id
FROM (
SELECT id
FROM stat_globaluid
ORDER BY id DESC
LIMIT 100
) foo
); mysqli: Table './ulib2015/stat_globaluid' is marked as crashed and last (automatic?) repair failed insert into stat_globaluid set
statuid='20260419154856_3546',
dt='1776588536',
phpself='/ULIB/dublinfull.php',
agent='Mozilla/5.0 AppleWebKit/537.36 (KHTML, like Gecko; compatible; ClaudeBot/1.0; +claudebot@anthropic.com)',
yea='2026',
mon='4',
dat='19',
ip='216.73.216.142'
LEADER 00674nam 2200229 a 4500
001 10942
003 ULIBM
008 170611s2543 th m a001 0 tha d
050 4 ^aAG^bว276ค 2543
245 ^a ^a1111
250 ^aพิมพ์ครั้งที่ 1.
300 ^a 30 หน้า.
650 7 ^aความหมาย--คำศัพท์
945 ^p0^l0^i15992
945 ^p0^l0^i15993
945 ^p0^l0^i15994
945 ^p0^l0^i15995
999 ^aลิขิตลักษณ์
คุณยังไม่ได้ล็อกอิน คุณสามารถมีกิจกรรมร่วมกับเว็บไซต์ได้ แต่ต้องล็อกอินก่อน ::
ลำดับที่
ประเภท
เลขเรียก /บาร์โค้ด
สถานที่
สถานะ
1.
หนังสือภาษาไทย AG ว276ค 2543 Barcode: 15992 หนังสือทั่วไป On Shelf
2.
หนังสือภาษาไทย AG ว276ค 2543 ฉ.2 Barcode: 15993 หนังสือทั่วไป On Shelf
3.
หนังสือภาษาไทย AG ว276ค 2543 ฉ.3 Barcode: 15994 หนังสือทั่วไป On Shelf
4.
หนังสือภาษาไทย AG ว276ค 2543 ฉ.4 Barcode: 15995 หนังสือทั่วไป On Shelf [แสดง 4/4 รายการ]
mysqli: Can't create/write to file '/var/tmp/#sql_59d_0.MAI' (Errcode: 2) select * from index_db where titl like '%คำและความหมายในงานนโยบายและแผนสาธารณสุข/ สำนักนโยบายและแผนงานสาธารณสุข%' and mid<>'10942' order by rand() limit 3 mysqli: Can't create/write to file '/var/tmp/#sql_59d_0.MAI' (Errcode: 2) select * from index_db where subj like '%ความหมาย--คำศัพท์%' and mid<>'10942' order by rand() limit 3
ยังไม่เคยถูกคอมเมนท์
คอมเมนท์ทรัพยากรรายการนี้
JavaScript must be enabled in order for you to use Google Maps.
However, it seems JavaScript is either disabled or not supported by your browser.
To view Google Maps, enable JavaScript by changing your browser options, and then
try again.